All the pretty horses / (Record no. 3192)

MARC details
000 -LEADER
fixed length control field 00625cam a2200205 4500
001 - CONTROL NUMBER
control field 3913
010 ## - LIBRARY OF CONGRESS CONTROL NUMBER
LC control number 92050836
020 ## - INTERNATIONAL STANDARD BOOK NUMBER
International Standard Book Number 0679744398
Terms of availability
100 1# - MAIN ENTRY--PERSONAL NAME
Personal name McCarthy, Cormac,
Dates associated with a name 1933-
245 10 - TITLE STATEMENT
Title All the pretty horses /
Statement of responsibility, etc. Cormac McCarthy.
260 ## - PUBLICATION, DISTRIBUTION, ETC.
Place of publication, distribution, etc. New York :
Name of publisher, distributor, etc. Vintage Books,
Date of publication, distribution, etc. 1993.
300 ## - PHYSICAL DESCRIPTION
Extent 301 p. ;
Dimensions 21 cm.
490 1# - SERIES STATEMENT
Series statement The Border trilogy ;
Volume/sequential designation v. 1
650 #0 - SUBJECT ADDED ENTRY--TOPICAL TERM
Topical term or geographic name entry element Ranch life
General subdivision Fiction.
651 #0 - SUBJECT ADDED ENTRY--GEOGRAPHIC NAME
Geographic name Mexican-American Border Region
Form subdivision Fiction.
Geographic name Texas
General subdivision Fiction.
655 #7 - INDEX TERM--GENRE/FORM
Genre/form data or focus term Adventure stories.
Source of term gsafd
Genre/form data or focus term Bildungsromane.
Source of term gsafd
800 1# - SERIES ADDED ENTRY--PERSONAL NAME
Personal name McCarthy, Cormac,
Dates associated with a name 1933-
Title of a work Border trilogy ;
Volume/sequential designation v. 1.
Holdings
Withdrawn status Lost status Source of classification or shelving scheme Damaged status Not for loan Collection code Home library Current library Shelving location Date acquired Serial Enumeration / chronology Inventory number Total Checkouts Full call number Barcode Date last seen Price effective from Koha item type
    Dewey Decimal Classification     Fiction RTC Library RTC Library Fiction 27/11/2018 6597   FIC 813.54 MCC 30006421 03/01/2022 27/11/2018 Fiction
Royal Thimphu College || All Right Reserved